Vista normal Vista MARC

Entrada Materia (personas)

Número de registros utilizados en: 1

001 - CONTROL NUMBER

  • control field: 92632

003 - CONTROL NUMBER IDENTIFIER

  • control field: Co-BoUCM

005 - DATE AND TIME OF LATEST TRANSACTION

  • control field: 20180528105544.0

008 - FIXED-LENGTH DATA ELEMENTS

  • fixed length control field: 180528|| aca||aabn | a|a d

040 ## - CATALOGING SOURCE

  • Original cataloging agency: Co-BoUCM
  • Transcribing agency: Co-BoUCM

100 ## - HEADING--PERSONAL NAME

  • Personal name: Borkowski, J. A.
  • Fuller form of name: (J. Andrew).
  • Title of a work: Textbook on Roman law

670 ## - SOURCE DATA FOUND

  • Source citation: Work cat.: (Co-BoUCM)309821: Plessis, Paul J. du 92631, Borkowski's textbook on Roman law, 2010